Dicionário português-inglês (Registo nº 14)
[ vista simples ]
| 000 -Etiqueta do registo | |
|---|---|
| Cabeçalho | 00671cam a2200277 4500 |
| 005 - Identificador da versão | |
| Campo de controlo | 20240813121752.0 |
| 095 ## - | |
| -- | PTBN00260488 |
| 010 ## - Número internacional normalizado dos livros (ISBN) | |
| Número (ISBN) | 9720051213 |
| 021 ## - Número do Depósito Legal | |
| Código do país | PT |
| Número | 33923/90 |
| 035 ## - Other System Control Numbers | |
| System Control Number | 0000014 |
| System Control Number | 0000014 |
| System Control Number | 0000014 |
| System Control Number | 0000014 |
| 100 ## - Dados gerais de processamento | |
| Dados gerais de processamento | 19900918d1990 de y0pory5003 ba |
| 102 ## - Pais de publicação ou produção | |
| País de publicação | Portugal |
| 101 0# - Língua de publicação | |
| Língua do texto, banda sonora, etc. | Português |
| -- | Inglês |
| 215 ## - Descrição física | |
| Indicação específica da natureza do documento e extensão da espécie | 750, [1] p. a 2 coln. |
| Dimensões | 16 cm |
| 200 1# - Titulo e menção de responsabilidade | |
| Título próprio | Dicionário português-inglês |
| 225 2# - Colecção | |
| Título próprio da colecção | Dicionários académicos |
| 210 ## - Publicação, Distribuição, etc. | |
| Lugar da edição, distribuição, etc. | Porto |
| Nome do editor, distribuidor, etc. | Porto Editora |
| Data da publicação, distribuição, etc. | 1990 |
| 675 ## - Classificação Decimal Universal (CDU) | |
| Notação | 811.134.3(038)=111 |
| 966 ## - Identificação da Biblioteca | |
| Sigla | NUMETECA |
| 942 ## - Elementos de entrada adicionados (Koha) | |
| Tipo de item no Koha | Livro |
| Situação do levantamento | Origin of item (home branch) (coded) | Biblioteca de empréstimo | Código de barras | Cota | Circulation type (not for loan) | Tipo de documento | Nota do exemplar | Damaged status |
|---|---|---|---|---|---|---|---|---|
| Biblioteca Escolar Eng. Nuno Mergulhão | Biblioteca Escolar Eng. Nuno Mergulhão | BENM32 | 811 | Cativo | Sem mensagem | |||
| Biblioteca Escolar Eng. Nuno Mergulhão | Biblioteca Escolar Eng. Nuno Mergulhão | BENM33 | 811 | Cativo | Sem mensagem | |||
| Biblioteca Escolar Eng. Nuno Mergulhão | Biblioteca Escolar Eng. Nuno Mergulhão | BENM34 | 811 | Cativo | Sem mensagem | |||
| Biblioteca Escolar Eng. Nuno Mergulhão | Biblioteca Escolar Eng. Nuno Mergulhão | BENM35 | 811 | Cativo | Sem mensagem | |||
| Biblioteca Escolar Eng. Nuno Mergulhão | Biblioteca Escolar Eng. Nuno Mergulhão | BENM36 | 811 | Cativo | Sem mensagem | |||
| Biblioteca Escolar Eng. Nuno Mergulhão | Biblioteca Escolar Eng. Nuno Mergulhão | BENM37 | 811 | Cativo | Sem mensagem |
